Le sens de la création: un essai de justification de l'homme
Uloženo v:
| Hlavní autor: | |
|---|---|
| Médium: | Kniha |
| Jazyk: | francouzština |
| Vydáno: |
Brujas
Desclée de Brouwer
1955
|
| Témata: | |
| Tagy: |
Přidat tag
Žádné tagy, Buďte první, kdo vytvoří štítek k tomuto záznamu!
|
MARC
| LEADER | 00000nam a2200000 a 4500 | ||
|---|---|---|---|
| 001 | UCZ3976 | ||
| 003 | CL-VaPUC | ||
| 008 | 951027e19550000BE |||||||||||||||||fre|d | ||
| 082 | 0 | 4 | |a 113.8 |b BER |2 21 |
| 100 | |a Berdiaeff, Nicolás |e author |9 579056 | ||
| 245 | 1 | 3 | |a Le sens de la création: un essai de justification de l'homme |
| 300 | |a 467 p | ||
| 942 | |c BK | ||
| 945 | |d 19951027 00:00:00 |a lriquelm | ||
| 260 | |a Brujas |b Desclée de Brouwer |c 1955 | ||
| 650 | 0 | |a Cosmología |9 269138 | |
| 650 | 7 | |a HOMBRE |2 CL-VaPUC |9 262149 | |
| 650 | 0 | |a Filosofía de la naturaleza |9 265899 | |
| 650 | 0 | |a Ensayos |9 268724 | |
| 650 | 0 | |a Teología |9 258766 | |
| 650 | 0 | |a Creencia Religiosa |9 316904 | |
| 650 | 0 | |a Libre albedrío |9 334583 | |
| 650 | 0 | |a Amor |9 257817 | |
| 650 | 0 | |a Estética |9 264950 | |
| 650 | 0 | |a Misticismo |9 265505 | |
| 650 | 0 | |a Iglesia |9 255004 | |
| 583 | |a last modification |c 20150402 10:34:11 |k Rodrigo Vera | ||
| 999 | |c 240415 |d 240413 | ||
| 952 | |0 0 |1 0 |4 0 |6 113_800000000000000_BER_1955 |7 0 |8 P |9 252277 |a BIBEDU |b BIBEDU |c BIBEDU_PB |d 2019-11-18 |i 1593315 |o 113.8 BER 1955 |p 1593315 |r 2024-01-25 |w 2019-11-18 |y BK |k FIL | ||